Techniques in fish immunology-4

Đã lưu trong:
书目详细资料
格式: 图书
语言:Undetermined
出版: Fair Haven, NJ SOS Publications 1995
主题:
标签: 添加标签
没有标签, 成为第一个标记此记录!
Thư viện lưu trữ: Trung tâm Học liệu Trường Đại học Cần Thơ
LEADER 00545nam a2200181Ia 4500
001 CTU_160268
008 210402s9999 xx 000 0 und d
082 |a 597.029 
082 |b T255/F4 
245 0 |a Techniques in fish immunology-4 
245 0 |c Editors Joanne S. Stolen...[et al.] 
260 |a Fair Haven, NJ 
260 |b SOS Publications 
260 |c 1995 
650 |a Fishes,Immunology,Cá 
650 |x Immunology,Technique,Sự làm miễn dịch 
904 |i Năm 
980 |a Trung tâm Học liệu Trường Đại học Cần Thơ